Countries with the Most Lakes - Statistics

General Stats
  • This quiz has been taken 109 times
    74 since last reset
  • The average score is 9 of 10
Answer Stats
Lake # Answer % Correct
102,500 United States
100%
879,800 Canada
98%
201,200 Russia
98%
23,800 China
92%
20,900 Brazil
91%
188,000 Finland
91%
22,600 Sweden
91%
20,000 Norway
83%
13,600 Argentina
80%
12,400 Kazakhstan
61%
No matching quizzes found
Score Distribution
Percent of People with Each Score
Percentile by Number Answered
Your Score History
You have not taken this quiz since the last reset